00386nam a2200193Ia 4500003000900000008004100009040001300050040001300063041000800076100002300084245001700107250001200124260001100136260000900147300001100156300000700167300001200174490000600186IT-RoPAU120407s9999 xx 000 0 und d aIT-RoPAU cIT-RoPAU aita aMassimo Pallottino aEtruscologia aMilano  aHoepli c1957 a384 p. b67 c17,5 cm v1